|
|
|
|
| LEADER |
00000nam0a2200000 4500 |
| 001 |
307001 |
| 005 |
20231102001941.0 |
| 020 |
|
|
|a RU
|b 83-47873
|
| 035 |
|
|
|a (RuTPU)RU\TPU\book\332279
|
| 090 |
|
|
|a 307001
|
| 100 |
|
|
|a 20151014d1983 m y0rusy5003 ca
|
| 101 |
0 |
|
|a rus
|
| 102 |
|
|
|a RU
|
| 105 |
|
|
|a a j 001zy
|
| 200 |
1 |
|
|a Электрослесарь по ремонту электрических машин
|e учебник
|f А. С. Кокорев
|
| 205 |
|
|
|a 2-е изд., перераб. и доп.
|
| 210 |
|
|
|a Москва
|c Высшая школа
|d 1983
|
| 215 |
|
|
|a 216 с.
|c ил.
|
| 225 |
1 |
|
|a Профессионально-техническое образование
|
| 320 |
|
|
|a Библиогр.: с. 214
|
| 606 |
1 |
|
|a Электрические машины
|x Ремонт
|2 stltpush
|3 (RuTPU)RU\TPU\subj\27119
|9 50917
|
| 610 |
1 |
|
|a электрослесари
|
| 610 |
1 |
|
|a электрооборудование
|
| 610 |
1 |
|
|a асинхронные машины
|
| 610 |
1 |
|
|a синхронные двигатели
|
| 610 |
1 |
|
|a электроремонт
|
| 610 |
1 |
|
|a коллекторы
|
| 610 |
1 |
|
|a контактные кольца
|
| 610 |
1 |
|
|a выводные устройства
|
| 610 |
1 |
|
|a сборка
|
| 610 |
1 |
|
|a пускорегулирующие аппараты
|
| 610 |
1 |
|
|a безопасность труда
|
| 610 |
1 |
|
|a стандартизация
|
| 610 |
1 |
|
|a качество
|
| 610 |
1 |
|
|a учебники
|
| 675 |
|
|
|a 621.313.004(075.32)
|v 3
|
| 700 |
|
1 |
|a Кокорев
|b А. С.
|g Александр Сергеевич
|
| 801 |
|
0 |
|a RU
|b RuMRKP
|c 19950704
|g psbo
|
| 801 |
|
1 |
|a RU
|b 63413507
|c 20151014
|
| 801 |
|
2 |
|a RU
|b 63413507
|c 20180703
|g RCR
|
| 942 |
|
|
|c BK
|